Medzinárodný význam poldra Beša v ochrane pred povodňami
Začiatky ochrany pred povodňami na VSN. Povodne na VSN. Návrh na spoločné opatrenia (Maďarsko, Ukrajina, Slovensko) v záujme zvyšovania účinnosti povodňovej ochrany.
Salvato in:
| Autore principale: | |
|---|---|
| Natura: | Capitolo di libro |
| Lingua: | slovacco |
| Soggetti: | |
| Tags: |
Nessun Tag, puoi essere il primo ad aggiungerne!!
|
MARC
| LEADER | 00000naa$a2200000$$$4500 | ||
|---|---|---|---|
| 001 | 0114951 | ||
| 005 | 20231207140847.0 | ||
| 041 | 0 | |a slo | |
| 044 | |a SK | ||
| 245 | 1 | 0 | |a Medzinárodný význam poldra Beša v ochrane pred povodňami |c Viliam Vološ |
| 520 | |a Začiatky ochrany pred povodňami na VSN. Povodne na VSN. Návrh na spoločné opatrenia (Maďarsko, Ukrajina, Slovensko) v záujme zvyšovania účinnosti povodňovej ochrany. | ||
| 610 | 2 | 0 | |a stavby vodné |
| 610 | 2 | 0 | |a staviteľstvo vodné |
| 610 | 2 | 0 | |a povodne |
| 610 | 2 | 0 | |a Slovensko |
| 610 | 2 | 0 | |a spolupráca medzinárodná |
| 100 | 1 | |a Vološ, Viliam | |